000
00294nam a22001337a 4500
082
_a
823
_b
ARA/V
100
_a
ARAS
245
_a
VIKRAM VAETHAL
260
_a
SIVAKASI
_b
MAHESH ARTS
300
_a
24
520
_a
ENGLISH SHORT STORIES
650
_a
ENGLISH SHORT STORIES
_z
SIVAKASI
942
_c
BK
999
_c
5162
_d
5162